000 00395nam a2200169Ia 4500
008 230524s9999 xx 000 0 und d
082 _a621.8
_bBHA
100 _aN.D.Bhatt
245 0 _aEngineering Drawing
250 _a4TH
260 _aNEW DELHI
_bCharoter
_c2004
300 _aXVII;600
500 _aQuantity Number: 153
650 _aMechanics
700 _aV.M.Panchal
942 _cBK
999 _c10891
_d10891